000
00292nam a2200109Ia 4500
008
200302s9999 xx 000 0 und d
100
_a
Philip Jodidio
245
_a
Architecture Now 5 Architektur heute Larchitecture D Aujourd Hui
260
_b
Taschen Ltd.
260
_c
2007
300
_a
576 P.,
999
_c
2585
_d
2585